My Beautiful Dark Twisted Fantasy Lyrics (Kanye West) - Statistics

General Stats
  • This quiz has been taken 553 times
  • The average score is 7 of 10
Answer Stats
Hint Answer % Correct
The way you look should be a sin
you my sensation
Devil In a New Dress
88%
And I know I did damage, cause the look in your eyes is killing me Runaway
88%
Her mother, brother, grandmother hate me in that order All of the Lights
78%
And I hang up and start to blame myself, somebody help Blame Game
77%
F*ck SNL and the whole cast, tell Yeezy said they can kiss my whole ass Power
69%
Have you ever had sex with a pharaoh, put the pussy in a sarcophagus Monster
68%
So much head I woke up in sleepy hallow Dark Fantasy
63%
Well, I'ma levitate, make the devil wait Hell of a Life
55%
You're my devil, you're my angel, you're my heaven you're my hell Lost In The World
55%
This week has been a bad massage, I need a happy endings Gorgeous
52%
No matching quizzes found
Score Distribution
Percent of People with Each Score
Percentile by Number Answered
Your Score History
You have not taken this quiz